Normal view
MARC view
- TRUP, GORDEN
Entry Personal Name
001 - CONTROL NUMBER
- control field: 56817
003 - CONTROL NUMBER IDENTIFIER
- control field: NUST
005 - DATE AND TIME OF LATEST TRANSACTION
- control field: 20210628201759.0
008 - FIXED-LENGTH DATA ELEMENTS
- fixed length control field: 210628|| aca||aabn | a|a d
040 ## - CATALOGING SOURCE
- Original cataloging agency: NUST
- Transcribing agency: NUST
100 ## - HEADING--PERSONAL NAME
- Personal name: TRUP, GORDEN
670 ## - SOURCE DATA FOUND
- Source citation: Work cat.: (NUST): TRUP, GORDEN, MASERS AND LASERS MOLECULAR AMPLIFICATION AND OSCILLATION BY STIMULATED EMISSION, 1963
